| 000 | 00725nam a22002651 4500 | ||
|---|---|---|---|
| 001 | 17997 | ||
| 003 | BD-RjUL | ||
| 005 | 20211209000225.0 | ||
| 008 | 140219s1953 enk 000 1 eng | ||
| 035 | _a(BD-RjUL)18055 | ||
| 035 | _a(OCoLC)2924342 | ||
| 040 |
_aDLC _cInTI _dInTI _dOCoLC _dUk _dWU _dDLC _dBD-RjUL _beng |
||
| 041 | _aeng | ||
| 082 |
_a821.91 _bSIG 1953 |
||
| 100 | 1 |
_aSitwell, Edith, _d1887-1964. _953315 |
|
| 245 | 1 | 0 |
_aGardeners & astronomers / _cEdith Sitwell |
| 246 | 3 | _aGardeners and astronomers | |
| 260 |
_aLondon : _bMacmillan, _c1953. |
||
| 300 |
_avii, 45 p. ; _c22 cm. |
||
| 500 | _aPoems. | ||
| 650 |
_aPoetry. _955478 |
||
| 942 |
_2ddc _cBK |
||
| 999 |
_c17997 _d17997 |
||